Slovakia European context of the folk culture

Bibliographic Details
Main Author: Stoličná, Rastislava, 1948- (Author)
Other Authors: Kronerová, Adriana (Translator)
Format: Book
Language:English
PhysicalDescription:365 s. fotogr. (prevažne fareb.), mp., noty 29 cm
Published: Bratislava Veda 1997
ISBN:8022405027
Subjects:

MARC

LEADER 00000nam a2200000 a 4500
001 vtls001323531
003 SK-MaSNL
005 20260301200253.0
008 240226s1997 xo abg r 1yy eng
015 |a SNBA1998/07-02211 
020 |a 8022405027 
035 |a SNK000276226 
035 |a urn:nbn:sk:snk-amyhta 
035 |a urn:nbn:sk:snk-am00cl6m 
035 |a FB3E88C3-8D0F-4C84-B726-A7BD81D9599A 
040 |a SNK  |b slo  |c SNK  |e AACR2 
041 0 |a eng 
044 |a xo  |c SK 
080 |a 39(437.6)=20  |2 1981 
245 0 |a Slovakia  |b European context of the folk culture  |c [Rastislava Stoličná and team of authors ; translation by Adriana Kronerová] 
260 |a Bratislava  |b Veda  |c 1997 
300 |a 365 s.  |b fotogr. (prevažne fareb.), mp., noty  |c 29 cm 
500 |a Rozlož. fotogr. na tit. strane, mp. na predsádkach 
500 |a Údaj o aut. a prekl. prevzatý z rubu tit. strany 
504 |a Reg. Bibliogr. odkazy 
650 0 7 |a kultúra ľudová  |z Slovensko  |x monografie  |2 SNK  |9 579227 
651 7 |a národopis slovenský  |x monografie  |2 SNK  |9 579228 
655 7 |a obrazové publikácie  |2 SNK  |9 70343 
700 1 |a Stoličná, Rastislava,  |d 1948-  |4 aut  |9 102195 
700 1 |a Kronerová, Adriana  |4 trl  |9 10293 
919 |a 80-224-0502-7 
958 |a TL 
958 |a OP 
958 |a NS 
958 |a NB 
958 |a SS 
968 |a Eng  |b SLO 
999 |c 889752  |d 891682 
952 |t P60, <03>, [BOOK], {603}  |a SNK  |b SNK  |y PREZ  |7 0  |p 17A0125125  |o snkSB 58374  |i snkKSP 2478/98  |0 0  |1 0  |4 0  |d 1998-03-09  |f 1  |l 0  |r 2025-04-09 00:00:00  |w 2026-02-24 
952 |t P60, <04>, [BOOK], {604}  |a SNK  |b SNK  |y VYP  |7 0  |p 17A0125124  |o snkSB 58374 D1  |i snkKSP 2479/98  |0 0  |1 0  |4 0  |d 1998-03-09  |l 0  |r 2005-01-02 00:00:00  |w 2026-02-24